Estadísticas para Mapa de Latinoamérica

Haz click aquí para tomar la prueba!

Estadísticas generales

  • Esta prueba ha sido tomada 1.714 veces
  • La puntuación promedio es 17 de 20

Respuestas en el mapa

Las respuestas están codificadas por una escala verde-roja en el mapa de la prueba según el % correcto abajo.
Cargando...
 

Estadísticas de respuestas

Respuesta% Correcto
México
97%
Argentina
95%
Brasil
95%
Chile
95%
Bolivia
92%
Perú
92%
Venezuela
92%
Colombia
91%
Paraguay
91%
Ecuador
90%
Uruguay
89%
Cuba
87%
Panamá
87%
República Dominicana
83%
El Salvador
82%
Haití
81%
Costa Rica
78%
Guatemala
78%
Nicaragua
77%
Honduras
75%

Distribución de puntuación

Porcentaje por número respondido

Porcentaje de gente con cada puntuación

Historial de tus puntuaciones

No has tomado esta prueba